Statistics for Presidents of Portugal

Click here to take the quiz!

General Stats

  • This quiz has been taken 70 times
  • The average score is 10 of 19

Answer Stats

YearsAnswer% Correct
2006-2016Cavaco Silva
89%
2016-presentMarcelo Rebelo de Sousa
81%
1986-1996Mário Soares
74%
1996-2006Jorge Sampaio
67%
1976-1986António Ramalho Eanes
59%
1974António de Spínola
57%
1974-1976Francisco da Costa Gomes
50%
1911-1915Manuel de Arriaga
50%
1923-1925Manuel Teixeira Gomes
48%
1910-1911Teófilo Braga
46%
1915Teófilo Braga
46%
1958-1974Américo Tomás
44%
1926-1951Óscar Carmona
44%
1925-1926Bernardino Machado
39%
1915-1917Bernardino Machado
39%
1918Sidónio Pais
37%
1951-1958Francisco Craveiro Lopes
31%
1919-1923António José de Almeida
30%
1918-1919João do Canto e Castro
20%

Score Distribution

Percentile by Number Answered

Percent of People with Each Score

Your Score History

You have not taken this quiz